Художественная литература Болгарии : (Record no. 483382)
[ view plain ]
| 000 -LEADER | |
|---|---|
| fixed length control field | 01386nam a2200229 a 4500 |
| 001 - CONTROL NUMBER | |
| control field | 001009615 |
| 003 - CONTROL NUMBER IDENTIFIER | |
| control field | AM-YeHGA |
| 005 - DATE AND TIME OF LATEST TRANSACTION | |
| control field | 20250617162121.0 |
| 008 - FIXED-LENGTH DATA ELEMENTS--GENERAL INFORMATION | |
| fixed length control field | 140326s1952 ru r 000 0 rus d |
| 040 ## - CATALOGING SOURCE | |
| Original cataloging agency | AM-YeHGA |
| 041 0# - LANGUAGE CODE | |
| Language code of text/sound track or separate title | rus |
| 090 ## - LOCALLY ASSIGNED LC-TYPE CALL NUMBER (OCLC); LOCAL CALL NUMBER (RLIN) | |
| -- | 486736 |
| 100 1# - MAIN ENTRY--PERSONAL NAME | |
| Personal name | Лихачева, Любовь Петровна |
| Relator term | сост. |
| Relationship | com |
| 245 10 - TITLE STATEMENT | |
| Title | Художественная литература Болгарии : |
| Remainder of title | Библиографический указатель книг и статей, опубликованных в советской и болгарской печати в ... / |
| Statement of responsibility, etc. | Сост. Л.П. Лихачева; Всесоюз. гос. б-ка иностр. литературы. |
| 260 ## - PUBLICATION, DISTRIBUTION, ETC. | |
| Place of publication, distribution, etc. | М. : |
| Name of publisher, distributor, etc. | Б. и., |
| Date of publication, distribution, etc. | 1952-. |
| 300 ## - PHYSICAL DESCRIPTION | |
| Extent | год ; |
| Dimensions | 22 см. |
| 440 #0 - SERIES STATEMENT/ADDED ENTRY--TITLE | |
| Title | Страны народной демократии |
| 505 10 - FORMATTED CONTENTS NOTE | |
| Miscellaneous information | 1949-1951 гг. (1952, 170 с.) : |
| Statement of responsibility | Сост. П.И. Ройзман |
| Miscellaneous information | 1952 г. (1953, 157 с.) : |
| Title | Сост. П.И. Ройзман |
| Miscellaneous information | 1953 г. (1955, 96 с.) : |
| -- | 1954 г. (1955, 121 с.) : |
| Statement of responsibility | Сост. Л.П. Лихачева |
| Miscellaneous information | 1955 г. (1957, 146 с.) : |
| Statement of responsibility | Сост. Л.П. Лихачева |
| 650 14 - SUBJECT ADDED ENTRY--TOPICAL TERM | |
| Topical term or geographic name entry element | Отраслевые библиографии |
| 700 1# - ADDED ENTRY--PERSONAL NAME | |
| Personal name | Ройзман, П.И. |
| Relator term | сост. |
| Relationship | com |
| 710 2# - ADDED ENTRY--CORPORATE NAME | |
| Corporate name or jurisdiction name as entry element | Всесоюзная государственная библиотека иностранной литературы |
| Withdrawn status | Lost status | Damaged status | Not for loan | Collection | Home library | Current library | Date acquired | Serial enumeration / chronology | Total checkouts | Full call number | Barcode | Date last seen | Price effective from | Koha item type | Public note |
|---|---|---|---|---|---|---|---|---|---|---|---|---|---|---|---|
| General | Fundamental Scientific Library | Fundamental Scientific Library | 21/03/2019 | 1954 г. | РД II/52868 | FL0566109 | 21/03/2019 | 21/03/2019 | Գրքեր / Books | 30 Days Loan |
ՀՀ Գիտությունների ազգային ակադեմիայի հիմնարար գիտական գրադարան = Fundamental Scientific Library of NAS RA
All site content, except where otherwise noted, is licensed under a